|
|
|
|
| LEADER |
01858nam a2200433 i 4500 |
| 001 |
EBC3238235 |
| 003 |
MiAaPQ |
| 005 |
20200520144314.0 |
| 006 |
m o d | |
| 007 |
cr cnu|||||||| |
| 008 |
150226t20132013hiuad ob 001 0 eng d |
| 020 |
|
|
|z 9781623200800
|
| 020 |
|
|
|a 9781623200817 (e-book)
|
| 035 |
|
|
|a (MiAaPQ)EBC3238235
|
| 035 |
|
|
|a (Au-PeEL)EBL3238235
|
| 035 |
|
|
|a (CaPaEBR)ebr11019981
|
| 035 |
|
|
|a (CaONFJC)MIL729274
|
| 035 |
|
|
|a (OCoLC)923762395
|
| 040 |
|
|
|a MiAaPQ
|b eng
|e rda
|e pn
|c MiAaPQ
|d MiAaPQ
|
| 043 |
|
|
|a a-cc---
|
| 050 |
|
4 |
|a HG3334
|b .R598 2013
|
| 082 |
0 |
|
|a 332.1095109041
|2 23
|
| 100 |
1 |
|
|a Rixu, Lan,
|e author.
|
| 245 |
1 |
0 |
|a Transformation of China's modern banking system.
|n Volume 1 :
|b from the late Qing Era to the 1930s /
|c Lan Rixu.
|
| 264 |
|
1 |
|a Honolulu, [Hawaii] :
|b Enrich Professional Publishing, Inc.,
|c 2013.
|
| 264 |
|
4 |
|c 2013
|
| 300 |
|
|
|a 1 online resource (322 pages) :
|b illustrations, charts
|
| 336 |
|
|
|a text
|2 rdacontent
|
| 337 |
|
|
|a computer
|2 rdamedia
|
| 338 |
|
|
|a online resource
|2 rdacarrier
|
| 504 |
|
|
|a Includes bibliographical references and index.
|
| 588 |
|
|
|a Description based on online resource; title from PDF title page (ebrary, viewed February 26, 2015).
|
| 590 |
|
|
|a Electronic reproduction. Ann Arbor, MI : ProQuest, 2015. Available via World Wide Web. Access may be limited to ProQuest affiliated libraries.
|
| 650 |
|
0 |
|a Banks and banking
|z China
|x History.
|
| 650 |
|
0 |
|a Banks and banking
|z China.
|
| 655 |
|
4 |
|a Electronic books.
|
| 776 |
0 |
8 |
|i Print version:
|a Rixu, Lan.
|t Transformation of China's modern banking system. Volume 1.
|d Honolulu, [Hawaii] : Enrich Professional Publishing, Inc., c2013
|h xxvii, 290 pages
|z 9781623200800
|
| 797 |
2 |
|
|a ProQuest (Firm)
|
| 856 |
4 |
0 |
|u https://ebookcentral.proquest.com/lib/matrademy/detail.action?docID=3238235
|z Click to View
|